| 000 | 01926nam a22004694i 4500 | ||
|---|---|---|---|
| 001 | 991002079359706706 | ||
| 003 | ES-BaIT | ||
| 005 | 20260413083120.0 | ||
| 008 | 210122s2018 sp a 001 0aspa c | ||
| 017 |
_aDL M 38117-2018 (volum 1) _bOficina DL Madrid |
||
| 017 |
_aDL M 38118-2018 (volum 2) _bOficina DL Madrid |
||
| 017 |
_aDL M 38119-2018 (volum 3) _bOficina DL Madrid |
||
| 020 |
_a9788494671784 _q(volum 1) |
||
| 020 |
_a9788494671791 _q(volum 2) |
||
| 020 |
_a9788494965005 _q(volum 3) |
||
| 035 | _a(ES-BaCBU).b74849888 | ||
| 035 | _a(OCoLC)1519574074 | ||
| 040 |
_aES-BaICD _bcat _erda _cES-BaICD |
||
| 043 | _ae-sp--- | ||
| 080 | _a792.021.07 | ||
| 100 | 1 |
_aDurán, Victorina, _d1899-1993 _eautor _9162937 |
|
| 245 | 1 | 0 |
_aMi vida / _cVictorina Durán ; edición de Idoia Murga Castro y Carmen Gaitán Salinas |
| 264 | 1 |
_a[Madrid] : _bPublicaciones de la Residencia de Estudiantes, _c[2018] |
|
| 300 |
_a3 volums (381, 213, 287 pàgines) : _bil·lustracions ; _c22 cm |
||
| 336 |
_atext _btxt _2rdacontent |
||
| 337 |
_asense mediació _bn _2rdamedia |
||
| 338 |
_avolum _bnc _2rdacarrier |
||
| 504 | _aInclou referències bibliogràfiques i índex | ||
| 505 | 8 | _aConté: 1. Sucedió -- 2. El Rastro : vida de lo inanimado -- 3. Así es | |
| 600 | 1 | 0 |
_aDurán, Victorina, _d1899-1993 _9162937 |
| 650 | 0 |
_aDones en el teatre _zEspanya _vBiografia _2lemac _9169219 |
|
| 650 | 0 |
_aEscenògrafs _xDiferències entre sexes _2lemac _9169218 |
|
| 650 | 0 |
_aPintores _zEspanya _vBiografia _2lemac _9169217 |
|
| 650 | 0 |
_aLesbianes _zEspanya _vBiografia _2lemac _9169216 |
|
| 650 | 0 |
_aEscenògrafes _zEspanya _vBiografia _2lemac _9150110 |
|
| 700 | 1 |
_aMurga Castro, Idoia _eeditor literari _935399 |
|
| 700 | 1 |
_aGaitán Salinas, Carmen _eeditor literari _9169220 |
|
| 907 |
_a.b74849888 _b23-02-21 _c22-01-21 _d22-01-21 _em _fa _g- _hspa _isp _j0 _k0 |
||
| 908 |
_aICD _aUB _aCDMAE |
||
| 940 |
_aBNE _aUB |
||
| 942 |
_2udc _c1 |
||
| 999 |
_c137355 _d137355 |
||